| 000 | 00553nam a22002297a 4500 | ||
|---|---|---|---|
| 003 | UA-OsUOA | ||
| 001 | 41200 | ||
| 007 | ta | ||
| 008 | 20060918b un ||||| |||| 00| 0 ukr d | ||
| 100 | _aDavid A/ Frick | ||
| 090 | _a226(092) | ||
| 942 | _cBK | ||
| 040 |
_aUA-OsUOA _bpol _cUA-OsUOA _dUA-OsUOA |
||
| 245 | _aThe Jevanhelije ucytelnoje of Melitij Smotryckij | ||
| 300 | _a554 с. | ||
| 955 | _a0 | ||
| 041 | _apol | ||
| 080 | _a226(092) | ||
| 260 | _aWarcwava | ||
| 650 | 7 |
_a22 Біблія. Святе писання _2UDC |
|
| 999 |
_c327346 _d327346 |
||